Computers today / (Record no. 11766)

MARC details
000 -LEADER
fixed length control field 00721 a2200217 4500
010 ## - LIBRARY OF CONGRESS CONTROL NUMBER
LC control number ENG-89995
020 ## - INTERNATIONAL STANDARD BOOK NUMBER
International Standard Book Number 8186340742
Terms of availability 620.00
035 ## - SYSTEM CONTROL NUMBER
System control number EN-73528
037 ## - SOURCE OF ACQUISITION
Source of stock number/acquisition DBAD / PUB
082 14 - DEWEY DECIMAL CLASSIFICATION NUMBER
Classification number 004
090 ## - LOCALLY ASSIGNED LC-TYPE CALL NUMBER (OCLC); LOCAL CALL NUMBER (OCLC)
-- 12120
-- 12120
100 1# - MAIN ENTRY--PERSONAL NAME
Personal name Basandra, Suresh K.
245 1# - TITLE STATEMENT
Title Computers today /
Statement of responsibility, etc by Suresh K. Basandra
250 ## - EDITION STATEMENT
Edition statement rev. ed
260 ## - PUBLICATION, DISTRIBUTION, ETC. (IMPRINT)
Place of publication, distribution, etc New Delhi
Name of publisher, distributor, etc Galgotia Publications
Date of publication, distribution, etc 2008
270 ## - ADDRESS
Address 5, Ansari Road, Darya Ganj
City New Delhi
State or province Delhi
Postal code 110002
300 ## - PHYSICAL DESCRIPTION
Extent Lxi, 1440p.
Dimensions 28 cm. (Pbk)
500 ## - GENERAL NOTE
General note Includes glossary, bibliographical references & index
942 ## - ADDED ENTRY ELEMENTS (KOHA)
Institution code [OBSOLETE] dpl
Koha item type English Books
Call number prefix 004 / BAS
Holdings
Withdrawn status Lost status Source of classification or shelving scheme Damaged status Not for loan Collection code Home library Current library Source of acquisition Cost, normal purchase price Total Checkouts Full call number Barcode Date last seen Copy number Uniform Resource Identifier Cost, replacement price Price effective from Koha item type
    Dewey Decimal Classification   Not For Loan Non-fiction D.B.Act.Division D.B.Act.Division DBAD/PUB 620.00   004 BAS EN-73528 15/09/2008 1 12881 620.00 15/09/2008 English Books

© Delhi Public Library
Hit Counter
free hit counter